Enciclopedia de México : Todo México 2003 : resumen ilustrado de los acontecimientos más importantes registrados en México durante 2002 /

Anuario que inicia con dos ensayos, uno que gira en torno al 2002 como año de consolidación democrática y el otro reseña textos que dan cuenta de la imagen que existe (o existía en el momento en que el texto fue escrito) sobre México en los países miembros de la Comunidad Europea. Viene luego la cro...

Whakaahuatanga katoa

I tiakina i:
Ngā taipitopito rārangi puna kōrero
Ētahi atu kaituhi: Guzmán, Armando (dirección) (dirección)
Hōputu: Pukapuka
Reo:Pāniora
I whakaputaina: México : Enciclopedia de México, 2003, c2003
Ngā marau:
Ngā Tūtohu: Tāpirihia he Tūtohu
Kāore He Tūtohu, Me noho koe te mea tuatahi ki te tūtohu i tēnei pūkete!

MARC

LEADER 00000nam^a2200000^a^4500
001 000149808
005 20250521000000.0
009 20260310100115.188
020 |a 1-56409-060-4 
037 |a Acervo ITESO - Biblioteca 
041 |a ESP 
082 |a 036. 1  |b MEX 2002 
240 1 1 |a [Enciclopedia de México: Libro del Año] 
245 0 0 |a Enciclopedia de México :  |b Todo México 2003 : resumen ilustrado de los acontecimientos más importantes registrados en México durante 2002 /  |c Dir. de A. Guzmán. 
264 4 |a México :  |b Enciclopedia de México,  |c 2003, c2003 
300 |a 446 p. 
336 |a texto  |b txt  |2 rdacontenido 
337 |a sin mediación  |b n  |2 rdamedio 
338 |a volumen  |b nc  |2 rdasoporte 
520 |a Anuario que inicia con dos ensayos, uno que gira en torno al 2002 como año de consolidación democrática y el otro reseña textos que dan cuenta de la imagen que existe (o existía en el momento en que el texto fue escrito) sobre México en los países miembros de la Comunidad Europea. Viene luego la cronología de los acontecimientos más significativos del período, para presentar después biografías de personalidades destacadas en el 2002 y enseguida temas relevantes para el país, incluidos ensayos sobre cada uno de las entidades federativas. Cierra con un apartado estadístico. 
649 |a XX 
650 |a México -  |x Enciclopedias y Diccionarios 
650 |a Anuarios -  |z México 
650 |a Cronología Histórica -  |y 2000-2009 
650 |a México -  |x Historia -  |y 2000-2009 
650 |a México -  |x Historia -  |y 2000-2006 
650 |a México -  |x Historia -  |y Siglo XXI 
650 |a México -  |x Estadísticas 
650 |a Enciclopedias y Diccionarios 
700 |a Guzmán, Armando  |e (dirección) 
910 |a Fondo General 
920 |a Impresos - Libros 
930 |a Obras de Referencia 
905 |a 102 
901 |a 0500072785  |b IT2  |c REF  |u 20250521 
902 |a https://opac.biblio.iteso.mx/vufind/Record/000149808